Countries that have had their current flag for the shortest time - Statistics

General Stats
  • This quiz has been taken 1,167 times
    800 since last reset
  • The average score is 8 of 22
Answer Stats
Year of Flag Adoption Answer % Correct
2005 South Sudan
85%
2008 Kosovo
71%
2004 Montenegro
61%
2011 Libya
58%
1998 Bosnia and Herzegovina
53%
2002 Timor-Leste
50%
1995 Macedonia
44%
2008 Iraq
40%
2002 Afghanistan
38%
2006 Democratic Republic of the Congo
37%
1995 Belarus
30%
2010 Myanmar
30%
2004 Georgia
29%
2006 Lesotho
26%
2001 Rwanda
26%
1996 Ethiopia
19%
1995 Oman
18%
2002 Comoros
16%
1996 Seychelles
15%
2002 Bahrain
14%
2012 Malawi
14%
2006 Venezuela
8%
No matching quizzes found
Score Distribution
Percent of People with Each Score
Percentile by Number Answered
Your Score History
You have not taken this quiz since the last reset